Minko špinko a iné /

Hlavní autor: Hasáková, Marta
Další autoři: Kotouček, Juraj, Paľová, Júlia
Jazyk: Slovenština
Vydáno: Martin : Osveta, 1979
Fyzický popis: 45 stran : ilustrace ; 8°
Knihy
Uloženo v:
LEADER 00842nam a22002652i 4500
001 001547609
003 CZ BrMZK
005 20170228123014.0
007 ta
008 161014s1979 xo a er|||||||||||slo d
040 |a ABA001  |b cze  |c ABA001  |d ABA001  |d BOA001  |e rda 
080 9 |a 885.4-93 
100 1 |a Hasáková, Marta  |4 aut 
245 1 0 |a Minko špinko a iné /  |c M. Hasáková, J. Paľová ; kresby Juraj Kotouček 
264 1 |a Martin :  |b Osveta,  |c 1979 
300 |a 45 stran :  |b ilustrace ;  |c 8° 
336 |a text  |b txt  |2 rdacontent 
337 |a bez média  |b n  |2 rdamedia 
338 |a svazek  |b nc  |2 rdacarrier 
700 1 |a Kotouček, Juraj  |4 ill 
700 1 |a Paľová, Júlia  |4 aut 
910 |a BOA001  |b X-0813.641 
990 |a BK 
991 |b 201609 
996 7 |b 2619179659  |c X-0813.641  |l MZK  |r Sklad / do 24 hodin  |n 0  |w 001583048  |u 000010  |a 1  |e BOA001  |j MZK50  |s A